Ejercicios espirituales
محفوظ في:
| المؤلف الرئيسي: | |
|---|---|
| التنسيق: | كتاب |
| اللغة: | الإسبانية |
| منشور في: |
Santiago
Del Pacífico
1956
|
| الموضوعات: | |
| الوسوم: |
إضافة وسم
لا توجد وسوم, كن أول من يضع وسما على هذه التسجيلة!
|
MARC
| LEADER | 00000nam a2200000 a 4500 | ||
|---|---|---|---|
| 001 | UCR3147 | ||
| 003 | CL-VaPUC | ||
| 008 | 980123e19560000CL |||||||||||||||||spa|d | ||
| 082 | 0 | 4 | |a 248.34 |b ING |2 21 |
| 100 | |a Ignacio de Loyola, Santo |d 1491-1556 |e author |9 392145 | ||
| 245 | 1 | 0 | |a Ejercicios espirituales |
| 300 | |a 147 p | ||
| 942 | |c BK | ||
| 945 | |d 19980123 00:00:00 |a rleighto | ||
| 260 | |a Santiago |b Del Pacífico |c 1956 | ||
| 650 | 0 | |a Espiritualidad |9 267331 | |
| 650 | 0 | |a Conciencia |9 309452 | |
| 650 | 7 | |a MEDITACION |2 CL-VaPUC |9 313094 | |
| 583 | |a last modification |c 19980123 00:00:00 |k Rodrigo Vera | ||
| 999 | |c 266246 |d 266244 | ||
| 952 | |0 0 |1 0 |4 0 |6 248_340000000000000_ING_1956 |7 0 |8 A |9 297661 |a BIBTEO |b BIBTEO |d 2019-11-20 |i 3387151 |o 248.34 ING 1956 |p 3387151 |r 2025-01-17 |w 2019-11-20 |y BK |k ICR | ||
| 952 | |0 0 |1 0 |4 0 |6 248_340000000000000_ING_1956 |7 0 |8 A |9 297662 |a BIBHIS |b BIBHIS |d 2019-11-20 |i 1331566 |o 248.34 ING 1956 |p 1331566 |r 2025-01-20 |w 2019-11-20 |y BK |k HIS | ||